[Event "Klub Kölner SF 2 - SF Düsseldorf-Süd"]
[Site "NRW-Klasse - Gruppe 3 2021/20"]
[Date "2022.05.08"]
[Round "3.2"]
[White "Meertens, Martin"]
[Black "Tagsold, Christian"]
[Result "1/2-1/2"]
[WhiteElo "2135"]
[BlackElo "2115"]
[PlyCount "27"]
[EventDate "2021.??.??"]
[SourceVersionDate "2020.03.16"]
[WhiteTeam "Klub Kölner SF 2"]
[BlackTeam "SF Düsseldorf-Süd 1"]

1. e4 e5 2. Nf3 Nc6 3. Bb5 Nf6 4. O-O Nxe4 5. d4 Nd6 6. Bxc6 dxc6 7. dxe5 Nf5
8. Qxd8+ Kxd8 9. h3 Ke8 10. Nc3 h5 11. b3 Be7 12. Ne4 b6 13. Re1 h4 14. Bf4
1/2-1/2

[Event "Klub Kölner SF 2 - SF Düsseldorf-Süd"]
[Site "NRW-Klasse - Gruppe 3 2021/20"]
[Date "2022.05.08"]
[Round "3.3"]
[White "Huenemeyer, Dirk"]
[Black "Raasch, Joerg"]
[Result "1/2-1/2"]
[WhiteElo "1913"]
[BlackElo "2139"]
[PlyCount "52"]
[EventDate "2021.??.??"]
[SourceVersionDate "2020.03.16"]
[WhiteTeam "SF Düsseldorf-Süd 1"]
[BlackTeam "Klub Kölner SF 2"]

1. c4 c6 2. Nc3 d5 3. cxd5 cxd5 4. d4 Nf6 5. Nf3 g6 6. e3 Bg7 7. Bb5+ Bd7 8.
Bxd7+ Nbxd7 9. Qb3 Nb6 10. Bd2 O-O 11. O-O Ne4 12. Nxe4 dxe4 13. Ng5 e5 14.
Nxe4 exd4 15. Rfe1 Qd5 16. Qxd5 {(=)} Nxd5 17. exd4 Bxd4 18. Rad1 Bg7 19. Bg5
Nb6 20. Bf6 Bxf6 21. Nxf6+ Kg7 22. Nd7 Rfd8 23. Nxb6 axb6 24. a3 Rac8 25. Rxd8
Rxd8 26. Kf1 Rd2 1/2-1/2

[Event "Klub Kölner SF 2 - SF Düsseldorf-Süd"]
[Site "NRW-Klasse - Gruppe 3 2021/20"]
[Date "2022.05.08"]
[Round "3.4"]
[White "Langner, Jasper"]
[Black "Jaeckel, Norbert"]
[Result "1/2-1/2"]
[WhiteElo "2035"]
[BlackElo "1894"]
[PlyCount "28"]
[EventDate "2021.??.??"]
[SourceVersionDate "2020.03.16"]
[WhiteTeam "Klub Kölner SF 2"]
[BlackTeam "SF Düsseldorf-Süd 1"]

1. d4 Nf6 2. c4 g6 3. Nf3 Bg7 4. Nc3 d6 5. e4 O-O 6. Be2 e5 7. Be3 Ng4 8. Bg5
f6 9. Bc1 Nc6 10. O-O f5 11. exf5 exd4 12. Nb5 Bxf5 13. h3 Nge5 14. Nfxd4 Nxd4
1/2-1/2

[Event "Klub Kölner SF 2 - SF Düsseldorf-Süd"]
[Site "NRW-Klasse - Gruppe 3 2021/20"]
[Date "2022.05.08"]
[Round "3.5"]
[White "Reinartz, Achim"]
[Black "Klemenz, Luca"]
[Result "1/2-1/2"]
[WhiteElo "1945"]
[BlackElo "2012"]
[PlyCount "46"]
[EventDate "2021.??.??"]
[SourceVersionDate "2020.03.16"]
[WhiteTeam "SF Düsseldorf-Süd 1"]
[BlackTeam "Klub Kölner SF 2"]

1. d4 d5 2. Nf3 Nf6 3. c4 e6 4. Nc3 Be7 5. Bg5 Nbd7 6. cxd5 exd5 7. e3 c6 8.
Bd3 h6 9. Bh4 Nh5 10. Bxe7 Qxe7 11. O-O O-O 12. Qc2 Nb6 13. h3 Bd7 14. Ne5 Nf6
15. a4 a5 16. Ra3 Nc8 17. Ne2 Re8 18. Rc1 Nd6 19. Ng3 h5 20. Rb3 Be6 21. Nf5
Bxf5 22. Bxf5 Nfe4 23. Bxe4 Nxe4 1/2-1/2

[Event "Klub Kölner SF 2 - SF Düsseldorf-Süd"]
[Site "NRW-Klasse - Gruppe 3 2021/20"]
[Date "2022.05.08"]
[Round "3.6"]
[White "Graf, Peter"]
[Black "Hamm, Norbert"]
[Result "0-1"]
[WhiteElo "1959"]
[BlackElo "1911"]
[PlyCount "70"]
[EventDate "2021.??.??"]
[SourceVersionDate "2020.03.16"]
[WhiteTeam "Klub Kölner SF 2"]
[BlackTeam "SF Düsseldorf-Süd 1"]

1. e4 c5 2. Nc3 e6 3. f4 d5 4. e5 Nc6 5. Nf3 Nh6 6. Bb5 Bd7 7. Bxc6 Bxc6 8. d4
Nf5 9. Ne2 Qb6 10. c3 cxd4 11. Nexd4 Nxd4 12. Nxd4 Bc5 13. O-O O-O 14. Kh1 Bd7
15. Rf3 f6 16. b4 Be7 17. Be3 Qc7 18. exf6 Bxf6 19. Qd3 Rac8 20. Bd2 Qc4 21.
Nb3 b6 22. Re1 Qxd3 23. Rxd3 Rc4 24. g4 g6 25. h3 Rfc8 26. Rc1 Kf7 27. Kg2 a5
28. bxa5 bxa5 29. Nxa5 Ra4 30. c4 Bd8 31. Nb7 Be7 32. c5 Rxa2 33. Kg3 Rb2 34.
Nd6+ Bxd6 35. cxd6 Rxd2 0-1

[Event "Klub Kölner SF 2 - SF Düsseldorf-Süd"]
[Site "NRW-Klasse - Gruppe 3 2021/20"]
[Date "2022.05.08"]
[Round "3.7"]
[White "Heinzel, Thomas"]
[Black "Goldenstein, Arnd"]
[Result "1/2-1/2"]
[WhiteElo "1834"]
[BlackElo "1897"]
[PlyCount "114"]
[EventDate "2021.??.??"]
[SourceVersionDate "2020.03.16"]
[WhiteTeam "SF Düsseldorf-Süd 1"]
[BlackTeam "Klub Kölner SF 2"]

1. Nf3 Nf6 2. c4 e6 3. g3 d5 4. b3 c5 5. Bg2 Nc6 6. Bb2 Bd6 7. O-O O-O 8. d3 h6
9. Nbd2 d4 10. a3 e5 11. Qc2 a5 12. e3 Bg4 13. h3 dxe3 14. fxe3 Bd7 15. Kh2 Qc7
16. Nh4 e4 17. Bxf6 Bxg3+ 18. Kh1 gxf6 19. Nf5 Bxf5 20. Rxf5 Qd7 21. Bxe4 Ne7
22. Rh5 Be5 23. Rg1+ Ng6 24. Bxg6 fxg6 25. Rxg6+ Kf7 26. d4 cxd4 27. exd4 Bxd4
28. Rhxh6 Qc6+ 29. Qe4 Qxe4+ 30. Nxe4 Rh8 31. Nd6+ Ke6 32. Nxb7 Rhb8 33. Rh7
Ke5 34. Rgg7 Ra6 35. Rh5+ Kf4 36. Rg4+ Ke3 37. Nxa5 Be5 38. b4 Rd6 39. c5 Rd1+
40. Rg1 Rxg1+ 41. Kxg1 Rg8+ 42. Kf1 Bd4 43. Nb3 Be5 44. Rh4 f5 45. Rh7 Rg3 46.
Re7 Kf4 47. Nc1 Rxh3 48. Ne2+ Ke4 49. c6 Rh1+ 50. Ng1 Kd5 51. c7 Rh8 52. b5 Kd6
53. Rh7 Rc8 54. Nf3 Bc3 55. b6 Kc6 56. Rh6+ Kb7 57. Ng5 Bd2 1/2-1/2

[Event "Klub Kölner SF 2 - SF Düsseldorf-Süd"]
[Site "NRW-Klasse - Gruppe 3 2021/20"]
[Date "2022.05.08"]
[Round "3.8"]
[White "Hendrix, Joachim"]
[Black "Ovchinnikov, Max"]
[Result "1-0"]
[WhiteElo "1917"]
[BlackElo "1563"]
[PlyCount "93"]
[EventDate "2021.??.??"]
[SourceVersionDate "2020.03.16"]
[WhiteTeam "Klub Kölner SF 2"]
[BlackTeam "SF Düsseldorf-Süd 1"]

1. g3 e5 2. d3 d6 3. Nf3 Be7 4. Bg2 Nc6 5. c4 Nf6 6. Nc3 O-O 7. O-O Bd7 8. Rb1
Qc8 9. Bg5 Bh3 10. e3 Bxg2 11. Kxg2 h6 12. Bxf6 Bxf6 13. b4 Ne7 14. Nd2 g6 15.
Nd5 Nxd5 16. cxd5 c6 17. Rc1 Qd7 18. Qf3 Bg7 19. dxc6 bxc6 20. Qxc6 Qe6 21. Qc4
d5 22. Qc6 Qxc6 23. Rxc6 Rfc8 24. Rfc1 Rxc6 25. Rxc6 Rb8 26. a3 Bf8 27. Ra6 Rb7
28. Nf3 Bg7 29. e4 dxe4 30. dxe4 Kh7 31. Kf1 f5 32. Re6 Rb5 33. Ra6 fxe4 34.
Nd2 Rb7 35. Nxe4 h5 36. Ng5+ Kh6 37. h4 Bf8 38. Ke2 Bg7 39. Ne4 Bf8 40. Kd3
Rd7+ 41. Ke3 Rb7 42. Ra5 Bg7 43. Nc5 Re7 44. Ke4 Rf7 45. Nd3 Bh8 46. f3 Bf6 47.
Nxe5 1-0

[Event "Kölner SK Dr. Lasker 2 - SV Turm Kamp-"]
[Site "NRW-Klasse - Gruppe 3 2021/20"]
[Date "2022.01.23"]
[Round "4.1"]
[White "Ratering, Jona"]
[Black "Di Franco, Patrizio"]
[Result "1/2-1/2"]
[WhiteElo "2119"]
[BlackElo "2049"]
[Annotator "daniel"]
[PlyCount "57"]
[EventDate "2022.??.??"]
[SourceVersionDate "2020.03.16"]
[WhiteTeam "SV Turm Kamp-Lintfort 1"]
[BlackTeam "Kölner SK Dr. Lasker 2"]

1. Nf3 Nf6 2. c4 g6 3. Nc3 Bg7 4. e4 d6 5. d4 O-O 6. Be2 Nbd7 7. O-O e5 8. d5
c5 9. a3 a6 10. Rb1 b6 11. b4 Rb8 12. Qc2 h6 13. Ne1 Qc7 14. Nd3 Ne8 $11 15.
Be3 f5 16. f4 g5 17. fxg5 f4 18. gxh6 Bxh6 19. Bf2 Ndf6 20. Kh1 Bg4 21. Qd1
Bxe2 22. Qxe2 Ng7 23. bxc5 bxc5 24. Rxb8 Rxb8 25. Rb1 Ngh5 26. Rxb8+ Qxb8 27.
Qb2 Qc7 28. Ne1 Qh7 29. Qe2 1/2-1/2

[Event "Kölner SK Dr. Lasker 2 - SV Turm Kamp-"]
[Site "NRW-Klasse - Gruppe 3 2021/20"]
[Date "2022.01.23"]
[Round "4.2"]
[White "Mandt, Mathias"]
[Black "Schneider, Christoph"]
[Result "1-0"]
[WhiteElo "2052"]
[BlackElo "2158"]
[Annotator "daniel"]
[PlyCount "77"]
[EventDate "2022.??.??"]
[SourceVersionDate "2020.03.16"]
[WhiteTeam "Kölner SK Dr. Lasker 2"]
[BlackTeam "SV Turm Kamp-Lintfort 1"]

1. d4 Nf6 2. c4 c5 3. d5 e5 4. Nc3 d6 5. e4 Be7 6. Bd3 O-O 7. Nge2 Nbd7 8. Ng3
a6 9. a4 Ne8 10. Qd2 Rb8 11. Nf5 g6 12. Nh6+ Kh8 13. h4 Ng7 14. g4 Nf6 15. Be2
Bd7 16. Qe3 Ng8 17. h5 g5 18. Nf5 h6 19. O-O Ne8 20. Bd3 Bf6 21. Qe2 Bg7 22.
Bd2 Ne7 23. Rfb1 Nxf5 24. exf5 Nf6 25. f3 Re8 26. Ra3 Qe7 27. Be4 Rec8 28. Kg2
b6 29. Be3 Be8 30. Bd3 Rc7 31. Qf2 Rcb7 32. b4 cxb4 33. Rxb4 Nd7 34. Ne4 Nc5
35. Bxc5 bxc5 36. Rxb7 Rxb7 37. Qa2 Rb4 38. a5 f6 39. Rb3 {ZÜ} 1-0

[Event "Kölner SK Dr. Lasker 2 - SV Turm Kamp-"]
[Site "NRW-Klasse - Gruppe 3 2021/20"]
[Date "2022.01.23"]
[Round "4.3"]
[White "Hagen, Gunter"]
[Black "Fox, Daniel"]
[Result "1/2-1/2"]
[WhiteElo "2122"]
[BlackElo "2128"]
[PlyCount "63"]
[EventDate "2022.??.??"]
[SourceVersionDate "2020.03.16"]
[WhiteTeam "SV Turm Kamp-Lintfort 1"]
[BlackTeam "Kölner SK Dr. Lasker 2"]

1. d4 Nf6 2. c4 e6 3. Nf3 d5 4. Nc3 Bb4 5. a3 Bxc3+ 6. bxc3 Ne4 7. Qc2 c5 8. e3
Qa5 9. Bd2 Nd7 10. Bd3 Ndf6 11. O-O O-O 12. Be1 Bd7 13. cxd5 exd5 14. c4 Qa4
15. Qxa4 Bxa4 16. cxd5 Bb3 17. Rc1 Bxd5 18. dxc5 Rfc8 19. Nd4 Nxc5 20. Bf5 Ne6
21. Bc3 Ne4 22. Bb2 Nd2 23. Rxc8+ Rxc8 24. Rc1 Rxc1+ 25. Bxc1 Nxd4 26. exd4 Nb3
27. Bb2 g6 28. Bd3 f5 29. f3 Kf7 30. Kf2 Ke6 31. Ke3 Na5 32. Bc1 1/2-1/2

[Event "Kölner SK Dr. Lasker 2 - SV Turm Kamp-"]
[Site "NRW-Klasse - Gruppe 3 2021/20"]
[Date "2022.01.23"]
[Round "4.4"]
[White "Hoeren, Andreas"]
[Black "Westermann, Johannes"]
[Result "1-0"]
[WhiteElo "2092"]
[BlackElo "2006"]
[PlyCount "119"]
[EventDate "2022.??.??"]
[SourceVersionDate "2020.03.16"]
[WhiteTeam "Kölner SK Dr. Lasker 2"]
[BlackTeam "SV Turm Kamp-Lintfort 1"]

1. b3 d5 2. Bb2 Nf6 3. e3 Bf5 4. f4 e6 5. Nf3 Nbd7 6. Nc3 Be7 7. Ne2 h6 8. Ng3
Bh7 9. Bd3 Bxd3 10. cxd3 O-O 11. O-O Bd6 12. Ne5 Qe7 13. Nh5 Nxh5 14. Nxd7 Qxd7
15. Qxh5 f5 16. Rf3 Qf7 17. Rg3 Qxh5 18. Rxg7+ Kh8 19. Rg5+ Kh7 20. Rxh5 Rg8
21. Rh3 Rg6 22. Rg3 Rxg3 23. hxg3 Kg6 24. Kf2 c6 25. Kf3 h5 26. Re1 Kf7 27. e4
Re8 28. Bd4 a6 29. Rc1 Rg8 30. exf5 exf5 31. Rh1 Kg6 32. Re1 Kf7 33. Be5 Be7
34. Rh1 Kg6 35. a4 Bc5 36. Rb1 Bb4 37. Bc3 Bd6 38. b4 Ra8 39. Bd4 Kf7 40. Bc5
Bc7 41. Rh1 Kg6 42. Re1 Kf6 43. Re7 Rc8 44. a5 b6 45. axb6 Bxb6 46. Rb7 Bxc5
47. bxc5 Ra8 48. Rc7 a5 49. Rxc6+ Ke7 50. Rd6 a4 51. Rxd5 a3 52. Re5+ Kd7 53.
Re1 a2 54. Ra1 Kc6 55. d4 Kd5 56. Ke3 Kc4 57. c6 Kb3 58. d5 Kc4 59. c7 Kxd5 60.
Rxa2 1-0

[Event "Kölner SK Dr. Lasker 2 - SV Turm Kamp-"]
[Site "NRW-Klasse - Gruppe 3 2021/20"]
[Date "2022.01.23"]
[Round "4.5"]
[White "Nurkowski-Buerkle, Ruediger"]
[Black "Cmiel, Thorsten"]
[Result "0-1"]
[WhiteElo "1999"]
[BlackElo "2058"]
[PlyCount "54"]
[EventDate "2022.??.??"]
[SourceVersionDate "2020.03.16"]
[WhiteTeam "SV Turm Kamp-Lintfort 1"]
[BlackTeam "Kölner SK Dr. Lasker 2"]

1. d4 d5 2. Bf4 c5 3. e3 cxd4 4. exd4 Nc6 5. c3 e6 6. Nf3 Bd6 7. Bxd6 Qxd6 8.
Bd3 Nge7 9. O-O f6 10. Re1 O-O 11. Qe2 Bd7 12. Nbd2 Rae8 13. b4 Ng6 14. Bxg6
hxg6 15. Qd3 Kf7 16. Rad1 Rh8 17. Nf1 Ne7 18. c4 dxc4 19. Qxc4 Nd5 20. Qc5 Qa6
21. Qa5 Qxa5 22. bxa5 Rc8 23. Rb1 Rc7 24. Rb2 Nf4 25. Reb1 Bc6 26. Ne1 Rd7 27.
Rc1 a6 0-1

[Event "Kölner SK Dr. Lasker 2 - SV Turm Kamp-"]
[Site "NRW-Klasse - Gruppe 3 2021/20"]
[Date "2022.01.23"]
[Round "4.6"]
[White "Diesner, Michael"]
[Black "Bosser, Heinz-Dieter"]
[Result "1/2-1/2"]
[WhiteElo "2040"]
[BlackElo "2004"]
[PlyCount "101"]
[EventDate "2022.??.??"]
[SourceVersionDate "2020.03.16"]
[WhiteTeam "Kölner SK Dr. Lasker 2"]
[BlackTeam "SV Turm Kamp-Lintfort 1"]

1. Nf3 Nf6 2. g3 b6 3. Bg2 Bb7 4. O-O e6 5. d3 d5 6. Nbd2 Be7 7. e4 dxe4 8.
dxe4 Qc8 9. Re1 O-O 10. c3 Re8 11. e5 Nfd7 12. Ne4 Nc5 13. Neg5 h6 14. b4 Rd8
15. Qc2 Nd3 16. Rd1 hxg5 17. Rxd3 Rxd3 18. Qxd3 Qd7 19. Qc2 c5 20. Bxg5 Nc6 21.
bxc5 Bxc5 22. Rd1 Qc7 23. Bf4 Be7 24. Rd2 Rd8 25. h4 Na5 26. h5 Rc8 27. h6 gxh6
28. Bxh6 Qxc3 29. Qxc3 Rxc3 30. Rd7 Bxf3 31. Bxf3 Rxf3 32. Rxe7 Nc6 33. Re8+
Kh7 34. Bf4 Ra3 35. Kg2 Rxa2 36. Rc8 Nb4 37. Kf3 Nd3 38. Rc7 Kg6 39. Rc8 Nxf4
40. gxf4 b5 41. Rg8+ Kh7 42. Rb8 a6 43. Kg4 Rxf2 44. Rb6 Ra2 45. f5 exf5+ 46.
Kg5 Rg2+ 47. Kxf5 Rg6 48. Rxg6 fxg6+ 49. Kf6 Kg8 50. Ke7 b4 51. Kd7 1/2-1/2

[Event "Kölner SK Dr. Lasker 2 - SV Turm Kamp-"]
[Site "NRW-Klasse - Gruppe 3 2021/20"]
[Date "2022.01.23"]
[Round "4.7"]
[White "Esser, Jochen"]
[Black "Rosenkraenzer, Torsten"]
[Result "1/2-1/2"]
[WhiteElo "1940"]
[BlackElo "2028"]
[PlyCount "45"]
[EventDate "2022.??.??"]
[SourceVersionDate "2020.03.16"]
[WhiteTeam "SV Turm Kamp-Lintfort 1"]
[BlackTeam "Kölner SK Dr. Lasker 2"]

1. e4 c5 2. Nf3 d6 3. d4 cxd4 4. Nxd4 Nf6 5. Nc3 e6 6. Bc4 Be7 7. Bb3 O-O 8. f4
Na6 9. O-O Nc5 10. Qf3 e5 11. Nf5 Bxf5 12. exf5 e4 13. Qd1 Nxb3 14. axb3 d5 15.
Be3 b6 16. g4 Bc5 17. Bxc5 bxc5 18. g5 d4 19. gxf6 dxc3 20. fxg7 Kxg7 21. bxc3
Qf6 22. Qd5 Qxc3 23. Qxe4 1/2-1/2

[Event "Kölner SK Dr. Lasker 2 - SV Turm Kamp-"]
[Site "NRW-Klasse - Gruppe 3 2021/20"]
[Date "2022.01.23"]
[Round "4.8"]
[White "Mews, Bernhard"]
[Black "Schubert, Mario"]
[Result "1/2-1/2"]
[WhiteElo "1984"]
[BlackElo "1840"]
[PlyCount "34"]
[EventDate "2022.??.??"]
[SourceVersionDate "2020.03.16"]
[WhiteTeam "Kölner SK Dr. Lasker 2"]
[BlackTeam "SV Turm Kamp-Lintfort 1"]

1. d4 Nf6 2. Bf4 d5 3. e3 e6 4. Nf3 Bd6 5. Ne5 O-O 6. Nd2 c5 7. c3 Ne4 8. Bd3
Nxd2 9. Qxd2 f6 10. Nf3 Bxf4 11. exf4 c4 12. Bc2 Nc6 13. b3 b5 14. a4 Ba6 15.
b4 Qd6 16. O-O Rfe8 17. Rfe1 Re7 1/2-1/2

[Event "SF Düsseldorf-Süd 1 - Oberhausener SV"]
[Site "NRW-Klasse - Gruppe 3 2021/20"]
[Date "2022.01.23"]
[Round "4.1"]
[White "Becker, Marcel"]
[Black "Gula, Julian"]
[Result "1-0"]
[WhiteElo "2321"]
[BlackElo "2043"]
[PlyCount "75"]
[EventDate "2022.??.??"]
[SourceVersionDate "2020.03.16"]
[WhiteTeam "Oberhausener SV 1"]
[BlackTeam "SF Düsseldorf-Süd 1"]

1. d4 d6 2. c4 e5 3. Nf3 e4 4. Ng5 f5 5. Nc3 Be7 6. Nh3 Nf6 7. g3 O-O 8. Bg2 c6
9. O-O Be6 10. d5 Bf7 11. f3 exf3 12. exf3 Qa5 13. Qe2 Re8 14. Ng5 cxd5 15.
Nxf7 Kxf7 16. cxd5 Bd8 17. Qd3 g6 18. g4 Nbd7 19. gxf5 gxf5 20. Qxf5 Re5 21.
Qh3 Bb6+ 22. Kh1 Rae8 23. f4 Rh5 24. Qf3 Rh4 25. Bh3 Nc5 26. Be3 Qa6 27. Bxc5
Bxc5 28. Be6+ Rxe6 29. dxe6+ Kxe6 30. Rae1+ Kf7 31. Ne4 Nxe4 32. Rxe4 Qxa2 33.
Rfe1 Qxb2 34. Re7+ Kf8 35. Re8+ Kf7 36. Qd5+ Kg6 37. Qg5+ Kf7 38. R1e7# 1-0

[Event "SF Düsseldorf-Süd 1 - Oberhausener SV"]
[Site "NRW-Klasse - Gruppe 3 2021/20"]
[Date "2022.01.23"]
[Round "4.2"]
[White "Kontorovitch, Vladimir"]
[Black "Nissen, Claus"]
[Result "1-0"]
[WhiteElo "2120"]
[BlackElo "2140"]
[PlyCount "65"]
[EventDate "2022.??.??"]
[SourceVersionDate "2020.03.16"]
[WhiteTeam "SF Düsseldorf-Süd 1"]
[BlackTeam "Oberhausener SV 1"]

1. e4 e6 2. d4 d5 3. e5 c5 4. c3 Qb6 5. a3 Bd7 6. b4 cxd4 7. cxd4 Bb5 8. Bxb5+
Qxb5 9. Nc3 Qd7 10. Nge2 Ne7 11. Ng3 Ng6 12. h4 Be7 13. h5 Nf8 14. Qg4 g6 15.
Bg5 Nc6 16. Bxe7 Qxe7 17. Nb5 O-O-O 18. Rc1 Kb8 19. O-O a6 20. Nd6 f6 21. b5
axb5 22. Nxb5 gxh5 23. Nxh5 fxe5 24. dxe5 d4 25. Rxc6 bxc6 26. Nxd4 Qd7 27.
Rb1+ Kc7 28. Rb4 c5 29. Nb5+ Kb6 30. Rb1 Qd3 31. Nc3+ Kc7 32. Qa4 Rd7 33. Qa5+
1-0

[Event "SF Düsseldorf-Süd 1 - Oberhausener SV"]
[Site "NRW-Klasse - Gruppe 3 2021/20"]
[Date "2022.01.23"]
[Round "4.3"]
[White "Mancic, Ivan"]
[Black "Tagsold, Christian"]
[Result "1/2-1/2"]
[WhiteElo "2112"]
[BlackElo "2115"]
[PlyCount "88"]
[EventDate "2022.??.??"]
[SourceVersionDate "2020.03.16"]
[WhiteTeam "Oberhausener SV 1"]
[BlackTeam "SF Düsseldorf-Süd 1"]

1. d4 d5 2. c4 e6 3. g3 dxc4 4. Bg2 c5 5. Nf3 Nf6 6. O-O Nc6 7. Qa4 Bd7 8. Qxc4
b5 9. Qxb5 Nxd4 10. Qd3 Bb5 11. Qd2 Nxe2+ 12. Kh1 Nxc1 13. Rxc1 Qxd2 14. Nbxd2
Rc8 15. Nc4 Nd5 16. Nfe5 f6 17. Nd3 Be7 18. b3 Kf7 19. Re1 Rhd8 20. Bh3 Nc7 21.
Nf4 Bxc4 22. bxc4 f5 23. Rab1 Rb8 24. Rxb8 Rxb8 25. Nd3 Bd6 26. Bf1 g5 27. h3
Na6 28. Kg2 Kf6 29. Rd1 Rb6 30. Rd2 Nb8 31. Nb2 Be7 32. Na4 Rb4 33. Nc3 a6 34.
g4 fxg4 35. hxg4 Rb7 36. Be2 Rd7 37. Rb2 Nc6 38. Rb6 Nd4 39. Bd3 Bd6 40. Rxa6
Ke5 41. Nb5 h6 42. a4 Be7 43. Bg6 Bd8 44. Ra8 Nb3 1/2-1/2

[Event "SF Düsseldorf-Süd 1 - Oberhausener SV"]
[Site "NRW-Klasse - Gruppe 3 2021/20"]
[Date "2022.01.23"]
[Round "4.4"]
[White "Hoffmann, André"]
[Black "Ciornei, Dragos"]
[Result "1/2-1/2"]
[WhiteElo "1963"]
[BlackElo "2076"]
[PlyCount "59"]
[EventDate "2022.??.??"]
[SourceVersionDate "2020.03.16"]
[WhiteTeam "SF Düsseldorf-Süd 1"]
[BlackTeam "Oberhausener SV 1"]

1. d4 Nf6 2. c4 g6 3. f3 Bg7 4. e4 d6 5. Be3 O-O 6. Nc3 e5 7. Nge2 exd4 8. Nxd4
c6 9. Qd2 d5 10. cxd5 cxd5 11. e5 Nfd7 12. f4 Nb6 13. b3 Nc6 14. Be2 f6 15.
exf6 Qxf6 16. Rd1 Nxd4 17. Bxd4 Qxf4 18. Qxf4 Rxf4 19. Bxg7 Kxg7 20. Nxd5 Nxd5
21. Rxd5 Be6 22. Rd6 Kf7 23. Rf1 Rxf1+ 24. Bxf1 Rc8 25. Kd2 Ke7 26. Rd4 Rf8 27.
Ke1 Rc8 28. Kd2 Rf8 29. Ke1 Rc8 30. Kd2 1/2-1/2

[Event "SF Düsseldorf-Süd 1 - Oberhausener SV"]
[Site "NRW-Klasse - Gruppe 3 2021/20"]
[Date "2022.01.23"]
[Round "4.5"]
[White "Voge, Andreas"]
[Black "Schmitz, Fabian"]
[Result "1-0"]
[WhiteElo "2012"]
[BlackElo "1844"]
[PlyCount "51"]
[EventDate "2022.??.??"]
[SourceVersionDate "2020.03.16"]
[WhiteTeam "Oberhausener SV 1"]
[BlackTeam "SF Düsseldorf-Süd 1"]

1. e4 e6 2. d3 d5 3. Nd2 dxe4 4. dxe4 Nc6 5. Ngf3 Bc5 6. Bb5 Nge7 7. c3 a6 8.
Ba4 O-O 9. O-O b5 10. Bc2 Ng6 11. b4 Bb6 12. a4 Bb7 13. Nb3 Qxd1 14. Rxd1 h6
15. Re1 Nge5 16. Be3 Nxf3+ 17. gxf3 Ne5 18. Kg2 Bxe3 19. fxe3 f5 20. Nc5 fxe4
21. f4 Nf3 22. Nxb7 Nxe1+ 23. Rxe1 e5 24. fxe5 Rae8 25. e6 Kh8 26. Nc5 1-0

[Event "SF Düsseldorf-Süd 1 - Oberhausener SV"]
[Site "NRW-Klasse - Gruppe 3 2021/20"]
[Date "2022.01.23"]
[Round "4.6"]
[White "Jaeckel, Norbert"]
[Black "Demircan, Baris"]
[Result "1-0"]
[WhiteElo "1894"]
[BlackElo "1763"]
[PlyCount "85"]
[EventDate "2022.??.??"]
[SourceVersionDate "2020.03.16"]
[WhiteTeam "SF Düsseldorf-Süd 1"]
[BlackTeam "Oberhausener SV 1"]

1. Nf3 Nc6 2. d4 d5 3. g3 Nf6 4. Bg2 Bg4 5. Bf4 e6 6. O-O Bd6 7. Nc3 Bxf4 8.
gxf4 Ne4 9. Qd3 f5 10. Qb5 Bxf3 11. Bxf3 Rb8 12. Bxe4 fxe4 13. f3 O-O 14. fxe4
Nxd4 15. Qd3 c5 16. e3 dxe4 17. Qxe4 Nf5 18. Qxe6+ Kh8 19. e4 Qd4+ 20. Rf2 Nh4
21. Qg4 g5 22. Rd1 Rxf4 23. Qxf4 Qxd1+ 24. Nxd1 gxf4 25. Rxf4 Rg8+ 26. Kf1 Ng6
27. Rf7 Rd8 28. Ke2 b6 29. Ne3 Re8 30. Rxa7 Rxe4 31. Kf3 Rf4+ 32. Kg3 Rf8 33.
Rb7 Ne5 34. Nd5 Rg8+ 35. Kf4 Ng6+ 36. Kf5 Nh4+ 37. Kf6 Rd8 38. Ke6 Nf3 39. Nf6
Nd4+ 40. Ke5 Nc6+ 41. Kf4 Rd4+ 42. Kg5 h6+ 43. Kf5 1-0

[Event "SF Düsseldorf-Süd 1 - Oberhausener SV"]
[Site "NRW-Klasse - Gruppe 3 2021/20"]
[Date "2022.01.23"]
[Round "4.7"]
[White "Kohl, Niclas"]
[Black "Reinartz, Achim"]
[Result "0-1"]
[WhiteElo "1781"]
[BlackElo "1961"]
[PlyCount "112"]
[EventDate "2022.??.??"]
[SourceVersionDate "2020.03.16"]
[WhiteTeam "Oberhausener SV 1"]
[BlackTeam "SF Düsseldorf-Süd 1"]

1. e4 d5 2. exd5 Qxd5 3. Nc3 Qa5 4. Bc4 Nf6 5. h3 c6 6. Nf3 Bf5 7. d3 e6 8. O-O
Nbd7 9. Bf4 Bb4 10. Ne2 O-O 11. a3 Be7 12. Re1 Nd5 13. Bg3 Qd8 14. Ned4 Bg6 15.
c3 a6 16. Rc1 Bh5 17. Qc2 Bf6 18. Ba2 c5 19. Nb3 Bxf3 20. gxf3 Bg5 21. Rcd1 Qf6
22. d4 Rfc8 23. dxc5 Nxc5 24. Nxc5 Rxc5 25. Qe4 Nf4 26. Qxb7 Rf8 27. Bxf4 Bxf4
28. Rd4 Qh4 29. Ree4 Rg5+ 30. Kf1 Qxh3+ 31. Ke2 Rb5 32. Qxb5 axb5 33. Rxf4 g5
34. Rg4 h6 35. Rb4 Qh1 36. Rgd4 Qa1 37. Bb3 Qxb2+ 38. Rd2 Qxc3 39. Rxb5 Kg7 40.
a4 Ra8 41. Rd3 Qc6 42. Kd2 Rc8 43. Ke2 Kf6 44. Rb4 Qc1 45. Rb5 Qb2+ 46. Rd2 Qc1
47. Rd3 h5 48. Rd1 Qf4 49. a5 g4 50. Rd3 g3 51. fxg3 Qxg3 52. Rxh5 Rc1 53. Bd1
Qg2+ 54. Ke3 Qg1+ 55. Ke2 Ra1 56. Rd2 Ra3 0-1

[Event "SF Düsseldorf-Süd 1 - Oberhausener SV"]
[Site "NRW-Klasse - Gruppe 3 2021/20"]
[Date "2022.01.23"]
[Round "4.8"]
[White "Berezhnoy, Alex"]
[Black "Turp, Hueseyin"]
[Result "1-0"]
[WhiteElo "1800"]
[BlackElo "1596"]
[PlyCount "69"]
[EventDate "2022.??.??"]
[SourceVersionDate "2020.03.16"]
[WhiteTeam "SF Düsseldorf-Süd 1"]
[BlackTeam "Oberhausener SV 1"]

1. e4 c6 2. d4 d5 3. e5 Bf5 4. h4 h5 5. Bd3 Bxd3 6. Qxd3 e6 7. Ne2 Nd7 8. Nd2
c5 9. c3 cxd4 10. cxd4 Nh6 11. Ng3 g6 12. Nf3 Bb4+ 13. Ke2 Be7 14. Ng5 Bxg5 15.
Bxg5 Qb6 16. Qa3 Ng8 17. Rhd1 Rc8 18. Rac1 Rc6 19. Rxc6 bxc6 20. Rd3 Qc7 21.
Kd1 Nb6 22. Rc3 Kd7 23. Qf8 Nc8 24. Qg7 Qb6 25. Qxh8 Qxb2 26. Rd3 Qb1+ 27. Ke2
Qxa2+ 28. Ke3 Nge7 29. Bxe7 Nxe7 30. Qb8 Qa1 31. Rb3 Qc1+ 32. Kf3 Qd1+ 33. Ne2
Nc8 34. Rb7+ Kd8 35. Qc7+ 1-0

[Event "Krefelder SK Turm 2 - SK Holsterhausen "]
[Site "NRW-Klasse - Gruppe 3 2021/20"]
[Date "2022.01.23"]
[Round "4.1"]
[White "Dergatschova, Anna"]
[Black "Markgraf, Jonas"]
[Result "0-1"]
[WhiteElo "2133"]
[BlackElo "2017"]
[PlyCount "108"]
[EventDate "2022.??.??"]
[SourceVersionDate "2020.03.16"]
[WhiteTeam "SK Holsterhausen 1"]
[BlackTeam "Krefelder SK Turm 2"]

1. e4 c5 2. Nf3 Nc6 3. Bb5 g6 4. c3 Nf6 5. e5 Nd5 6. O-O Bg7 7. d4 cxd4 8. cxd4
O-O 9. Nc3 Nxc3 10. bxc3 d6 11. exd6 Qxd6 12. a4 a6 13. Ba3 Qc7 14. Bxc6 bxc6
15. Re1 Re8 16. Rb1 Bf5 17. Rb2 Bf6 18. Qe2 Qa5 19. Qc4 Qd5 20. Qxd5 cxd5 21.
h3 Rac8 22. Bb4 h5 23. Bc5 Rxc5 24. dxc5 Bxc3 25. Rb6 Bxe1 26. Nxe1 Rc8 27.
Rxa6 Rxc5 28. Kf1 d4 29. Ke2 e5 30. f3 Rc3 31. Ra8+ Kg7 32. a5 Re3+ 33. Kf2 Ra3
34. a6 Ra2+ 35. Kg3 d3 36. Nxd3 Bxd3 37. a7 Bf1 38. Re8 Rxa7 39. Kf2 Bc4 40.
Rxe5 Ra2+ 41. Kg1 Ra1+ 42. Kh2 Kf6 43. Rc5 Be6 44. Rb5 h4 45. Rc5 Rd1 46. Rb5
Rd5 47. Rb4 Kg5 48. Ra4 Rc5 49. Rb4 Rc4 50. Rb2 Kf4 51. Rb3 g5 52. Ra3 Rc2 53.
Rd3 Bc4 54. Rd4+ Ke3 0-1